
Library Catalogue

| 000 -LEADER | |
|---|---|
| fixed length control field | 01207nam a2200217Ia 4500 |
| 003 - CONTROL NUMBER IDENTIFIER | |
| control field | OSt |
| 005 - DATE AND TIME OF LATEST TRANSACTION | |
| control field | 20210921152902.0 |
| 008 - FIXED-LENGTH DATA ELEMENTS--GENERAL INFORMATION | |
| fixed length control field | 160316s1998 xxu||||| |||| 00| 0 eng d |
| 020 ## - INTERNATIONAL STANDARD BOOK NUMBER | |
| International Standard Book Number | 9780198260776 |
| 040 ## - CATALOGING SOURCE | |
| Transcribing agency | n |
| 082 ## - DEWEY DECIMAL CLASSIFICATION NUMBER | |
| Classification number | 344.046000 |
| Item number | JEW |
| 100 ## - MAIN ENTRY--PERSONAL NAME | |
| Personal name | Jewell Tim |
| 245 ## - TITLE STATEMENT | |
| Title | Law in environmental decision-making : national, European and international perspectives |
| 260 ## - PUBLICATION, DISTRIBUTION, ETC. | |
| Place of publication, distribution, etc. | Oxford |
| Name of publisher, distributor, etc. | Clarendon Press |
| Date of publication, distribution, etc. | 1998 |
| 300 ## - PHYSICAL DESCRIPTION | |
| Extent | 294p |
| Dimensions | xxix |
| 365 ## - TRADE PRICE | |
| Price amount | P 65.00 |
| 505 ## - FORMATTED CONTENTS NOTE | |
| Formatted contents note | Contents<br/>1. Law in Environmental Decision-Making;<br/>2. Regulatory Evolution in Pollution Control;<br/>3. Public Law and the Environment: The Prospects for Decision-Making;<br/>4. Assessing the Past: Tort Law and Environmental Risk;<br/>5. Understanding Access to Environmental Information: The European Experience;<br/>6. Dynamics, Process, and Instruments of Environmental Decision-Making in the European Union;<br/>7. International Environmental Law and the Challenge of Globalisation;<br/>8. International Environmental Law in Evolution;<br/>Bibliography;<br/>Index. |
| 650 ## - SUBJECT ADDED ENTRY--TOPICAL TERM | |
| Topical term or geographic name entry element | 1. Environmental Law- U K 2. Environmental Law - International3. Environmental Protection - Decision Making |
| 700 ## - ADDED ENTRY--PERSONAL NAME | |
| Personal name | Steele Jenny |
| -- | |
| 942 ## - ADDED ENTRY ELEMENTS (KOHA) | |
| Source of classification or shelving scheme | Dewey Decimal Classification |
| Koha item type | BOOKs |
| Withdrawn status | Lost status | Damaged status | Not for loan | Home library | Current library | Shelving location | Date acquired | Cost, normal purchase price | Total Checkouts | Full call number | Barcode | Date last seen | Price effective from | Koha item type |
|---|---|---|---|---|---|---|---|---|---|---|---|---|---|---|
| NLS | NLS | Library Compactors | 30/05/2017 | 65.00 | 344.046 JEW | 19126 | 30/05/2017 | 30/05/2017 | BOOKs |